Pemerintahan nagari; (Record no. 86412)
[ view plain ]
| 000 -LEADER | |
|---|---|
| fixed length control field | 00713cam a22002291 4500 |
| 001 - CONTROL NUMBER | |
| control field | sa 68015385 |
| 003 - CONTROL NUMBER IDENTIFIER | |
| control field | DLC |
| 005 - DATE AND TIME OF LATEST TRANSACTION | |
| control field | 20260227112643.0 |
| 008 - FIXED-LENGTH DATA ELEMENTS--GENERAL INFORMATION | |
| fixed length control field | 720905s1968 xx 000 0 ind |
| 010 ## - LIBRARY OF CONGRESS CONTROL NUMBER | |
| LC control number | sa 68015385 |
| 035 ## - SYSTEM CONTROL NUMBER | |
| System control number | (OCoLC)398809 |
| 040 ## - CATALOGING SOURCE | |
| Original cataloging agency | DLC |
| Transcribing agency | OAU |
| Modifying agency | DLC |
| 042 ## - AUTHENTICATION CODE | |
| Authentication code | premarc |
| 050 00 - LIBRARY OF CONGRESS CALL NUMBER | |
| Classification number | JS7205.S9 |
| Item number | A6 |
| 100 0# - MAIN ENTRY--PERSONAL NAME | |
| Personal name | Abrar. |
| 245 10 - TITLE STATEMENT | |
| Title | Pemerintahan nagari; |
| Remainder of title | suatu pandangan sosiologis. |
| 260 ## - PUBLICATION, DISTRIBUTION, ETC. | |
| Place of publication, distribution, etc. | [Bukittinggi, |
| Name of publisher, distributor, etc. | Pertjetakan Nusantara] |
| Date of publication, distribution, etc. | 1968. |
| 300 ## - PHYSICAL DESCRIPTION | |
| Extent | 18 p. |
| Dimensions | 22 cm. |
| 500 ## - GENERAL NOTE | |
| General note | Cover title. |
| 500 ## - GENERAL NOTE | |
| General note | "Diutjapkan pada hari penggelaran angkatan pertama Akademi Pemerintahan Dalam Negeri, Bukittinggi, 1968." |
| 650 #0 - SUBJECT ADDED ENTRY--TOPICAL TERM | |
| Topical term or geographic name entry element | Local government |
| Geographic subdivision | Indonesia |
| -- | Sumatera Barat. |
No items available.